| 000 | 00394nam a22001697a 4500 | ||
|---|---|---|---|
| 005 | 20160629124357.0 | ||
| 008 | 160629b xxu||||| |||| 00| 0 eng d | ||
| 020 | _a978-81-7596-029-9 | ||
| 041 | _aeng | ||
| 082 | _b10830 | ||
| 100 |
_aMurphy, Raymond _92593 |
||
| 245 | _aEssential English Grammer | ||
| 260 |
_bCombridge _c2009 |
||
| 300 | _a295 | ||
| 650 |
_aManagement _9241 |
||
| 942 | _cBK | ||
| 999 |
_c4666 _d4664 |
||